Countries with a Population of 10m - Sudden Death - Statistics

General Stats
  • This quiz has been taken 660 times
  • The average score is 8 of 18
Answers on the Grid
Answers color-coded by a green-red scale on the quiz's grid according to % correct below.
Austria
Turkey
Angola
Oman
Czech Republic
Ireland
Ghana
Turkmenistan
Spain
Canada
Venezuela
New Zealand
Cameroon
Denmark
Thailand
R. Congo
Ukraine
Poland
Syria
Namibia
Madagascar
Bolivia
Uruguay
Romania
Jamaica
China
North Korea
Costa Rica
Armenia
Libya
Mauritania
Uganda
 
Answer Stats
Answer % Correct
China
66%
Turkey
64%
Canada
63%
Spain
63%
Thailand
62%
Ukraine
56%
Poland
54%
Venezuela
44%
Romania
42%
North Korea
40%
Uganda
38%
Ghana
36%
Syria
33%
Angola
31%
Cameroon
29%
Madagascar
28%
Bolivia
25%
Czech Republic
19%
No matching quizzes found
Score Distribution
Percent of People with Each Score
Percentile by Number Answered
Your Score History
You have not taken this quiz